[Event "Cto Equipos Aragon 2013 DH Titulo"]
[Site "?"]
[Date "2013.04.06"]
[Round "10.16"]
[White "Abos Rosico, Antonio"]
[Black "Pellicer Cerezuela, Miguel"]
[Result "0-1"]
[WhiteElo "2073"]
[BlackElo "1794"]
[PlyCount "90"]
[EventDate "2013.??.??"]
[EventType "tourn"]
[EventRounds "4"]
[WhiteTeam "Casino Jaque"]
[BlackTeam "L`Aurora Estadilla"]

1. e4 e6 2. d4 d5 3. Nd2 Be7 4. Bd3 c5 5. c3 Nc6 6. Ne2 Nf6 7. e5 Nd7 8. Nf3
cxd4 9. cxd4 f6 10. exf6 Nxf6 11. O-O O-O 12. Bf4 Bd6 13. Re1 Qc7 14. Bg3 e5
15. dxe5 Nxe5 16. Nxe5 Bxe5 17. Rc1 Qd6 18. Nd4 Bxg3 19. hxg3 Ng4 20. Rxc8
Raxc8 21. Qxg4 Qb4 22. Qe6+ Kh8 23. Nf3 Qxb2 24. Qxd5 Rc1 25. Rxc1 Qxc1+ 26.
Kh2 Qh6+ 27. Nh4 g5 28. Qe5+ Rf6 29. Bg6 Qg7 30. Qe8+ Rf8 31. Nf5 Qf6 32. Qe7
hxg6 33. Qxf6+ Rxf6 34. Ne7 Rxf2 35. Nxg6+ Kg7 36. Ne5 Rxa2 37. Kh3 b5 38. Kg4
Rxg2 39. Kxg5 Rxg3+ 40. Kf5 Rg1 41. Nc6 a6 42. Ke5 Kf7 43. Kf5 Re1 44. Nd8+ Ke7
45. Nb7 b4 0-1

[Event "Cto Equipos Aragon 2013 DH Descenso"]
[Site "Aragon"]
[Date "2013.04.06"]
[Round "10.17"]
[White "Gavin Roche, Enrique"]
[Black "Gimenez Martinez, Alberto"]
[Result "1-0"]
[WhiteElo "2249"]
[BlackElo "2171"]
[PlyCount "123"]
[EventDate "2013.??.??"]
[EventType "tourn"]
[EventRounds "4"]
[EventCountry "ESP"]
[WhiteTeam "ONCE C.A. Aragon"]
[BlackTeam "St. Casablanca B"]

1. d4 d5 2. c4 e6 3. Nc3 Nf6 4. Bg5 Be7 5. e3 h6 6. Bh4 O-O 7. Nf3 b6 8. cxd5
Nxd5 9. Bxe7 Qxe7 10. Qa4 Bb7 11. Be2 Nd7 12. O-O a6 13. Rac1 c5 14. Qa3 cxd4
15. Qxe7 Nxe7 16. Nxd4 Rac8 17. Rfd1 Rfd8 18. Rc2 Ne5 19. Rdc1 b5 20. Kf1 Kf8
21. a3 Nd5 22. Nb3 Nxc3 23. Rxc3 Rxc3 24. Rxc3 Bd5 25. Na5 Be4 26. f3 Bg6 27.
Ke1 Nd3+ 28. Bxd3 Rxd3 29. Rxd3 Bxd3 30. b4 Ke7 31. Nb7 Bh7 32. Kd2 e5 33. Nc5
Kd6 34. Nxa6 Kd5 35. Kc3 f5 36. Nc7+ Kc6 37. Ne8 g5 38. Nf6 Bg6 39. Ng8 Kd6 40.
Nxh6 Ke6 41. g4 fxg4 42. Nxg4 Kf5 43. Nh6+ Ke6 44. e4 Be8 45. Ng4 Bc6 46. Kd3
Be8 47. Ke2 Bh5 48. Kf2 Be8 49. Kg3 Bc6 50. Nf2 Kf6 51. Kg4 Kg6 52. Nd3 Bd7+
53. Kg3 Kf6 54. Nc5 Bc6 55. Kh3 Be8 56. Kg4 Kg6 57. Kg3 Bc6 58. Nd3 Kf6 59. Kg4
Bd7+ 60. Kh5 Be8+ 61. Kh6 Bd7 62. Nf2 1-0

[Event "Cto Equipos Aragon 2013 DH Descenso"]
[Site "Aragon"]
[Date "2013.04.06"]
[Round "10.18"]
[White "Arregui Untoria, Carlos"]
[Black "Campos Hernandez, Antonio"]
[Result "1/2-1/2"]
[WhiteElo "2101"]
[BlackElo "2183"]
[PlyCount "170"]
[EventDate "2013.??.??"]
[EventType "tourn"]
[EventRounds "4"]
[EventCountry "ESP"]
[WhiteTeam "St. Casablanca B"]
[BlackTeam "ONCE C.A. Aragon"]

1. d4 Nf6 2. Nf3 g6 3. c4 Bg7 4. Nc3 d6 5. Bg5 h6 6. Bh4 g5 7. Bg3 Bf5 8. e3
Nh5 9. Bd3 Bxd3 10. Qxd3 Nc6 11. d5 Nb4 12. Qd2 a5 13. a3 Na6 14. Rb1 Nc5 15.
Nd4 Qd7 16. b4 axb4 17. axb4 Na4 18. Nxa4 Rxa4 19. Qd3 O-O 20. O-O Rfa8 21. f4
Ra3 22. Qe4 Bxd4 23. Qxd4 Qg4 24. Rf3 Ra2 25. Rbf1 f6 26. Qe4 gxf4 27. exf4 Re8
28. h3 Nxg3 29. Qb1 Ne2+ 30. Kh2 Nc3 31. hxg4 Nxb1 32. Rxb1 Rc2 33. c5 dxc5 34.
bxc5 Rxc5 35. Rxb7 Rxd5 36. Rxc7 Kg7 37. Re3 Kf7 38. Kg3 Rd2 39. Kf3 Rb2 40.
Ra7 Rb5 41. Kg3 Rc5 42. Kh4 Rc2 43. Kg3 Rc5 44. Ra1 Rb8 45. Rh1 h5 46. Kf2 Rc2+
47. Re2 Rc4 48. g3 Rc5 49. Rh4 Rcb5 50. Rh1 Rc5 51. f5 Rcb5 52. Re3 Rb2+ 53.
Re2 R2b5 54. Ra2 Rc5 55. Ra4 Rc2+ 56. Ke3 Rc3+ 57. Kf4 Rc2 58. gxh5 Rf2+ 59.
Ke4 Rg8 60. Rh4 Rg2 61. h6 R2xg3 62. h7 Rh8 63. Ra2 Rg7 64. Rah2 Rg5 65. Kf4
Kg7 66. Re2 Kf7 67. Rh6 Kg7 68. Rh3 Kf7 69. Rhe3 Rxh7 70. Rxe7+ Kg8 71. Re8+
Kg7 72. R2e7+ Kh6 73. Re6 Rf7 74. Rh8+ Kg7 75. Ree8 Rb7 76. Reg8+ Kf7 77. Rf8+
Kg7 78. Rhg8+ Kh7 79. Rxg5 Rb4+ 80. Kg3 fxg5 81. Rf7+ Kh6 82. Rc7 Rf4 83. Rf7
Rb4 84. Rc7 Rb3+ 85. Kf2 g4 1/2-1/2

[Event "Cto Equipos Aragon 2013 DH Descenso"]
[Site "Aragon"]
[Date "2013.04.06"]
[Round "10.19"]
[White "Laliena Solares, Luis M"]
[Black "Cebollada Pacheco, Jesus Raul"]
[Result "1/2-1/2"]
[WhiteElo "2160"]
[BlackElo "2030"]
[PlyCount "106"]
[EventDate "2013.??.??"]
[EventType "tourn"]
[EventRounds "4"]
[EventCountry "ESP"]
[WhiteTeam "ONCE C.A. Aragon"]
[BlackTeam "St. Casablanca B"]

1. d4 d5 2. c4 e6 3. Nf3 c6 4. g3 Nf6 5. Bg2 Bd6 6. O-O O-O 7. Qc2 Nbd7 8. Rd1
Ne4 9. b3 f5 10. Ba3 Bxa3 11. Nxa3 Qe7 12. Qb2 b6 13. Nc2 Bb7 14. Ne3 g5 15.
Qc2 g4 16. Ne5 Nxe5 17. dxe5 Qg7 18. Bxe4 fxe4 19. Qc3 Rad8 20. b4 h5 21. Rab1
Qf7 22. Qe1 d4 23. Ng2 Qg7 24. Nf4 Qxe5 25. Ng6 Qf6 26. Nxf8 Rxf8 27. c5 Ba6
28. Rbc1 e5 29. e3 Bd3 30. cxb6 axb6 31. a4 Qd6 32. Qd2 Kh7 33. exd4 exd4 34.
Qg5 Rf6 35. Qxh5+ Rh6 36. Qxg4 Qe7 37. Qf5+ Kg7 38. b5 c5 39. Rxd3 exd3 40.
Qxd3 Re6 41. h4 Re1+ 42. Rxe1 Qxe1+ 43. Kg2 Qc3 44. Qf5 d3 45. Qd7+ Kf8 46.
Qd8+ Kg7 47. Qd7+ Kf8 48. Qd8+ Kg7 49. Kf3 c4 50. Qc7+ Kg8 51. Qd8+ Kg7 52.
Qc7+ Kg8 53. Qd8+ Kg7 1/2-1/2

[Event "Cto Equipos Aragon 2013 DH Descenso"]
[Site "Aragon"]
[Date "2013.04.06"]
[Round "10.20"]
[White "Garcia Andres, Daniel"]
[Black "Cobo Garrido, Diego Israel"]
[Result "1-0"]
[WhiteElo "2024"]
[BlackElo "2059"]
[PlyCount "73"]
[EventDate "2013.??.??"]
[EventType "tourn"]
[EventRounds "4"]
[EventCountry "ESP"]
[WhiteTeam "St. Casablanca B"]
[BlackTeam "ONCE C.A. Aragon"]

1. e4 e5 2. Nc3 Nf6 3. f4 Bb4 4. fxe5 Bxc3 5. dxc3 Nxe4 6. Qg4 Nc5 7. Bg5 d5 8.
Bxd8 Bxg4 9. Bxc7 Nc6 10. Nf3 Rc8 11. Bd6 Ne4 12. Rd1 Nxd6 13. exd6 Be6 14. d7+
Bxd7 15. Rxd5 Be6 16. Rd1 O-O 17. Bd3 h6 18. O-O Rfd8 19. a3 Bg4 20. Rde1 Re8
21. Rxe8+ Rxe8 22. h3 Bd7 23. Nd4 Ne5 24. Kf2 Rc8 25. Re1 Nc6 26. Bf5 Bxf5 27.
Nxf5 Rc7 28. c4 f6 29. Rd1 Ne5 30. b3 Kf7 31. Nd6+ Kf8 32. Nb5 Re7 33. Nxa7 Ng6
34. Nc8 Rc7 35. Nb6 Kf7 36. Rd7+ Rxd7 37. Nxd7 1-0

[Event "Cto Equipos Aragon 2013 DH Descenso"]
[Site "Aragon"]
[Date "2013.04.06"]
[Round "10.21"]
[White "Hefty Hilardo, Jorge Walter"]
[Black "Villuendas Valero, Adrian"]
[Result "1/2-1/2"]
[WhiteElo "2323"]
[BlackElo "2301"]
[PlyCount "31"]
[EventDate "2013.??.??"]
[EventType "tourn"]
[EventRounds "4"]
[EventCountry "ESP"]
[WhiteTeam "Ibercaja B"]
[BlackTeam "Ramiro"]

1. c4 c5 2. Nf3 Nc6 3. Nc3 g6 4. e3 Bg7 5. d4 d6 6. d5 Na5 7. Be2 Nf6 8. O-O
O-O 9. a3 b6 10. b4 Nb7 11. Bb2 Bd7 12. Qb3 Qc7 13. Rfd1 Rfc8 14. Rac1 a6 15.
h3 Rab8 16. b5 1/2-1/2

[Event "Cto Equipos Aragon 2013 DH Descenso"]
[Site "Aragon"]
[Date "2013.04.06"]
[Round "10.22"]
[White "Sacristan Latorre, Alberto"]
[Black "Garcia Monterde, Francisco Jose"]
[Result "0-1"]
[WhiteElo "2063"]
[BlackElo "2036"]
[PlyCount "74"]
[EventDate "2013.??.??"]
[EventType "tourn"]
[EventRounds "4"]
[EventCountry "ESP"]
[WhiteTeam "Ramiro"]
[BlackTeam "Ibercaja B"]

1. e4 g6 2. d4 Bg7 3. Nc3 d6 4. Be3 a6 5. a4 b6 6. Bc4 Bb7 7. f3 Nd7 8. Qd2 e6
9. Nge2 c6 10. O-O Qc7 11. Ba2 b5 12. d5 exd5 13. exd5 c5 14. axb5 Ne7 15. bxa6
Bxa6 16. Bc4 Qb6 17. Bb5 Ra7 18. Qd3 Bxb5 19. Nxb5 Rxa1 20. Rxa1 O-O 21. c4 Ne5
22. Qb3 Rb8 23. Nec3 Nf5 24. Bf4 Qd8 25. Ne4 Nd4 26. Qd1 Nxb5 27. cxb5 Rxb5 28.
Ra6 h6 29. Rxd6 Qb8 30. Nf6+ Bxf6 31. Rxf6 Rxb2 32. Bc1 Rb1 33. Qc2 Qb4 34. Kf1
Nd3 35. Ke2 Nxc1+ 36. Kf1 Nd3+ 37. Ke2 Rb2 0-1

[Event "Cto Equipos Aragon 2013 DH Descenso"]
[Site "Aragon"]
[Date "2013.04.06"]
[Round "10.23"]
[White "Sancho Cortes, Maria Angeles"]
[Black "Colom Sienes, Eduardo"]
[Result "0-1"]
[WhiteElo "2020"]
[BlackElo "2028"]
[PlyCount "32"]
[EventDate "2013.??.??"]
[EventType "tourn"]
[EventRounds "4"]
[EventCountry "ESP"]
[WhiteTeam "Ibercaja B"]
[BlackTeam "Ramiro"]

1. e4 e6 2. d4 d5 3. Nc3 Bb4 4. exd5 exd5 5. Bd3 Nf6 6. Bg5 Bxc3+ 7. bxc3 O-O
8. Ne2 c5 9. Nf4 Qe8+ 10. Be2 Ne4 11. Nxd5 Nxg5 12. Nc7 Qc6 13. Nxa8 Qxg2 14.
Rf1 Re8 15. Qd3 Nf3+ 16. Kd1 Qxf1+ 0-1

[Event "Cto Equipos Aragon 2013 DH Descenso"]
[Site "Aragon"]
[Date "2013.04.06"]
[Round "10.24"]
[White "Palacios Herrero, Pablo"]
[Black "Dimitrov Uzunov, Nedko"]
[Result "1/2-1/2"]
[WhiteElo "1963"]
[BlackElo "1896"]
[PlyCount "131"]
[EventDate "2013.??.??"]
[EventType "tourn"]
[EventRounds "4"]
[EventCountry "ESP"]
[WhiteTeam "Ramiro"]
[BlackTeam "Ibercaja B"]

1. e4 g6 2. d4 Bg7 3. Nf3 c5 4. Nc3 cxd4 5. Nxd4 Nc6 6. Be3 d6 7. Be2 Nf6 8.
O-O O-O 9. Qd2 Re8 10. f4 a6 11. Nxc6 bxc6 12. Rad1 Qc7 13. h3 Bb7 14. Bf3 Rad8
15. Qf2 c5 16. g4 Nd7 17. h4 Nb6 18. h5 Nc4 19. Bc1 Bd4 20. Rxd4 cxd4 21. Nd1
e5 22. f5 gxh5 23. g5 d5 24. exd5 e4 25. Be2 e3 26. Qf4 Qxf4 27. Rxf4 Bxd5 28.
Rxd4 Re4 29. Rxe4 Bxe4 30. Nxe3 Nxe3 31. Bxe3 a5 32. c3 Bxf5 33. Bxh5 Rd3 34.
Kf2 Rd7 35. Bf3 Bb1 36. a3 Bc2 37. Bd4 Bb3 38. Ke3 Bc4 39. Kd2 h6 40. gxh6 Kh7
41. Kc2 a4 42. Bc6 Bb3+ 43. Kd3 Rc7 44. Bb5 Kxh6 45. c4 f5 46. Be3+ Kh5 47. Bf4
Re7 48. c5 Kg4 49. Bd6 Re1 50. Bd7 Rd1+ 51. Ke2 Rb1 52. Be5 Rc1 53. Bc3 Rh1 54.
c6 Bc4+ 55. Ke3 Bb5 56. Kd4 Rd1+ 57. Kc5 Bxc6 58. Bxc6 f4 59. Bxa4 Rc1 60. Kd4
f3 61. Bb5 f2 62. a4 Kf3 63. Bc6+ Kg3 64. Bb5 Kf3 65. Bc6+ Kg3 66. Bb5 1/2-1/2

[Event "Cto Equipos Aragon 2013 DH Descenso"]
[Site "Aragon"]
[Date "2013.04.06"]
[Round "10.25"]
[White "Vera Aranjuelo, Jesus Maria"]
[Black "Mimbela Lopez, Luis"]
[Result "1-0"]
[WhiteElo "2039"]
[BlackElo "2118"]
[PlyCount "36"]
[EventDate "2013.??.??"]
[EventType "tourn"]
[EventRounds "4"]
[EventCountry "ESP"]
[WhiteTeam "Caissa - Hnos. Cortes"]
[BlackTeam "Agrupacion B"]

1. d4 Nf6 2. Nf3 g6 3. Bf4 Bg7 4. e3 O-O 5. Be2 d6 6. O-O Nbd7 7. h3 Qe8 8. Bh2
e5 9. c4 Qe7 10. Nc3 c6 11. Rc1 Ne8 12. b4 f5 13. b5 g5 14. bxc6 bxc6 15. Qa4
Bb7 16. c5 dxc5 17. Qb3+ Kh8 18. Qxb7 Nd6 1-0

[Event "Cto Equipos Aragon 2013 DH Descenso"]
[Site "Aragon"]
[Date "2013.04.06"]
[Round "10.26"]
[White "Larrosa Poves, Jose Manuel"]
[Black "Carraminana Lopez, Luis Antonio"]
[Result "0-1"]
[WhiteElo "1983"]
[BlackElo "1998"]
[PlyCount "102"]
[EventDate "2013.??.??"]
[EventType "tourn"]
[EventRounds "4"]
[EventCountry "ESP"]
[WhiteTeam "Agrupacion B"]
[BlackTeam "Caissa - Hnos. Cortes"]

1. d4 d5 2. c4 c6 3. Nf3 Nf6 4. Nc3 a6 5. c5 Nbd7 6. Bf4 Nh5 7. e3 g6 8. Be2
Bg7 9. O-O Nxf4 10. exf4 O-O 11. Ne5 f6 12. Nxd7 Bxd7 13. Bg4 e5 14. Bxd7 Qxd7
15. Qd2 Rae8 16. fxe5 fxe5 17. dxe5 Rxe5 18. Rae1 Rfe8 19. Rxe5 Rxe5 20. Re1
Qe7 21. Rxe5 Qxe5 22. Qe3 Qxe3 23. fxe3 d4 24. Ne4 dxe3 25. b4 Be5 26. g3 Kf7
27. Kf1 a5 28. bxa5 Ke6 29. Ke2 Bd4 30. Kd3 Kd5 31. Nd6 Bxc5 32. Nxb7 Bd4 33.
a6 c5 34. Na5 c4+ 35. Nxc4 e2 36. Kxe2 Kxc4 37. Kf3 Kd5 38. h4 Ke5 39. Kg4 h6
40. Kf3 Kf5 41. h5 g5 42. g4+ Ke5 43. a4 Bb6 44. a5 Ba7 45. Ke2 Kf4 46. Kd3
Kxg4 47. Ke4 Kxh5 48. Kd5 g4 49. Kc6 g3 50. Kb7 Be3 51. a7 Bxa7 0-1

[Event "Cto Equipos Aragon 2013 DH Descenso"]
[Site "Aragon"]
[Date "2013.04.06"]
[Round "10.27"]
[White "Vasilev, Vas"]
[Black "Sanchez Moreno, Jose Carlos"]
[Result "1-0"]
[WhiteElo "1942"]
[BlackElo "1978"]
[PlyCount "59"]
[EventDate "2013.??.??"]
[EventType "tourn"]
[EventRounds "4"]
[EventCountry "ESP"]
[WhiteTeam "Caissa - Hnos. Cortes"]
[BlackTeam "Agrupacion B"]

1. d4 g6 2. Nf3 Bg7 3. c4 d6 4. Nc3 Nd7 5. Bg5 c6 6. e3 Ngf6 7. Be2 O-O 8. Qc2
a6 9. O-O h6 10. Bh4 g5 11. Bg3 Nh5 12. Nxg5 hxg5 13. Bxh5 f5 14. Rad1 e6 15.
Bxd6 Rf6 16. Be5 Rh6 17. Bxg7 Kxg7 18. Be2 g4 19. g3 Rh3 20. f3 Nf6 21. fxg4
fxg4 22. Ne4 Qh8 23. Nxf6 Rxh2 24. Ne8+ Qxe8 25. Kxh2 Qh5+ 26. Kg1 e5 27. Qe4
Kg8 28. Qxe5 Qg6 29. Rf6 Qg7 30. Qe8+ 1-0

[Event "Cto Equipos Aragon 2013 DH Descenso"]
[Site "Aragon"]
[Date "2013.04.06"]
[Round "10.28"]
[White "Martinez Crespo, Juan"]
[Black "Galvez Perez, Jose Luis"]
[Result "0-1"]
[WhiteElo "1857"]
[BlackElo "1925"]
[PlyCount "128"]
[EventDate "2013.??.??"]
[EventType "tourn"]
[EventRounds "4"]
[EventCountry "ESP"]
[WhiteTeam "Agrupacion B"]
[BlackTeam "Caissa - Hnos. Cortes"]

1. e4 g6 2. d4 Bg7 3. Nc3 a6 4. Nf3 d6 5. h3 b5 6. a3 Bb7 7. Bd3 Nd7 8. Be3 c5
9. O-O cxd4 10. Bxd4 Ngf6 11. Qe2 O-O 12. Rad1 Qc7 13. Rfe1 e5 14. Be3 Rac8 15.
Rc1 Nb6 16. Red1 Rfd8 17. Bg5 h6 18. Bxf6 Bxf6 19. Qe3 Bg7 20. Be2 Qc5 21. Qxc5
dxc5 22. Kf1 b4 23. axb4 cxb4 24. Nd5 Nxd5 25. exd5 e4 26. Nd4 Rxd5 27. c3 a5
28. Nb5 Rcd8 29. Rxd5 Rxd5 30. c4 Rd2 31. b3 e3 32. f3 Bb2 33. Rd1 Bc3 34. Rxd2
exd2 35. Bd1 Bc8 36. Nd6 Be6 37. Ke2 Be5 38. Nb7 a4 39. bxa4 Bxc4+ 40. Kxd2 b3
41. Na5 b2 42. Bc2 Ba2 43. Nc6 Bf4+ 44. Kc3 b1=Q 45. Bxb1 Bxb1 46. a5 Bf5 47.
a6 Be3 48. Ne7+ Kg7 49. Nxf5+ gxf5 50. Kc4 f4 51. Kd5 Kf6 52. Ke4 Kg5 53. g4
Kh4 54. a7 Bxa7 55. Kxf4 Bd4 56. Ke4 Bg7 57. Kf5 Kxh3 58. f4 Kg3 59. g5 h5 60.
g6 h4 61. gxf7 h3 62. Kg6 Bf8 63. Kh7 h2 64. Kg8 Ba3 0-1

[Event "Cto Equipos Aragon 2013 Pref. Ascenso"]
[Site "?"]
[Date "2013.04.06"]
[Round "10.29"]
[White "Hinojar Basa, Alfonso"]
[Black "Galve Guinea, Alejandro"]
[Result "0-1"]
[WhiteElo "2199"]
[BlackElo "2025"]
[PlyCount "140"]
[EventDate "2013.04.06"]
[WhiteTeam "Marcos Frechin"]
[BlackTeam "El Olivar C"]

1. e4 e6 2. d4 d5 3. Nc3 Bb4 4. e5 c5 5. a3 Bxc3+ 6. bxc3 Ne7 7. Nf3 Bd7 8. a4
Qa5 9. Bd2 Nbc6 10. Rb1 b6 11. Bb5 c4 12. Qc1 O-O 13. O-O a6 14. Bxc6 Bxc6 15.
Qa3 Ng6 16. Ra1 Rac8 17. Qb4 Qxb4 18. cxb4 b5 19. a5 f6 20. exf6 gxf6 21. Rfe1
Kf7 22. Bh6 Rfe8 23. h4 Ne7 24. Kh2 Rg8 25. Bf4 Nf5 26. c3 Rg4 27. g3 Rgg8 28.
Kh3 Bd7 29. Kh2 Rg4 30. Rg1 Rcg8 31. Rae1 Re8 32. Re2 h5 33. Ree1 Rgg8 34. Re2
Ne7 35. Bd6 Ng6 36. Rge1 Bc8 37. Bc7 Bd7 38. Bd6 Rc8 39. Rg1 Rc6 40. Bc5 Re8
41. Rge1 Rg8 42. Re3 Re8 43. Kg1 Nh8 44. Kf1 Kg6 45. Ng1 Kf7 46. f4 Kg6 47. Kg2
Nf7 48. Kf2 Nh6 49. Rf3 Kf7 50. Kf1 Rg8 51. Ne2 Nf5 52. Kf2 Rcc8 53. Rg1 Rce8
54. Bb6 Nd6 55. Re3 Ne4+ 56. Ke1 Rg4 57. Rf3 Bc6 58. Bc7 Rc8 59. Bb6 Nd6 60.
Bc5 Nf5 61. Kf2 Rcg8 62. Re1 Be8 63. Rh1 Kg7 64. Re1 Bg6 65. Ng1 Kf7 66. Nh3
Nh6 67. f5 Bxf5 68. Nf4 Be4 69. Rxe4 dxe4 70. Re3 Nf5 0-1

[Event "Cto Equipos Aragon 2013 Pref. Ascenso"]
[Site "?"]
[Date "2013.04.06"]
[Round "10.30"]
[White "Hernandez Delgado, Gabriel"]
[Black "Portero Garnica, Miguel Angel"]
[Result "1/2-1/2"]
[WhiteElo "1974"]
[BlackElo "2118"]
[PlyCount "131"]
[EventDate "2013.04.06"]
[WhiteTeam "El Olivar C"]
[BlackTeam "Marcos Frechin"]

1. d4 d6 2. Nf3 g6 3. c4 Bg7 4. Nc3 e5 5. dxe5 dxe5 6. Qxd8+ Kxd8 7. Bg5+ f6 8.
O-O-O+ Ke8 9. Nb5 Na6 10. Bd2 Bf8 11. Bc3 Nh6 12. h3 Be6 13. e3 Nf7 14. Be2 c6
15. Na3 Nb4 16. Kb1 Bf5+ 17. Ka1 a5 18. Rd2 Bc5 19. Rhd1 Ke7 20. g4 Be6 21. g5
fxg5 22. Nxe5 Nxe5 23. Bxe5 Rhd8 24. Bf1 Rxd2 25. Rxd2 Bf5 26. b3 a4 27. Kb2
Nxa2 28. Kxa2 axb3+ 29. Kxb3 Rxa3+ 30. Kb2 Bb4 31. Rd1 h5 32. Rc1 Be4 33. c5
Ke6 34. Bc7 Bd5 35. Bc4 Ra8 36. Bxd5+ Kxd5 37. Rg1 Rf8 38. Kb3 Kxc5 39. Rxg5+
Rf5 40. Rxg6 Bd2 41. Bg3 Kb5 42. h4 c5 43. Rg5 Rf3 44. Kc2 Be1 45. Kd1 Bxf2 46.
Ke2 Rxg3 47. Kxf2 Rh3 48. Rxh5 Kc4 49. e4 b5 50. e5 Rh2+ 51. Kf3 Ra2 52. e6 Ra7
53. Ke4 b4 54. Rf5 b3 55. Rf1 Rh7 56. Rc1+ Kb4 57. Kd5 Rxh4 58. e7 Rh5+ 59. Kd6
Rh6+ 60. Kd5 Rh8 61. Rc4+ Ka3 62. Rxc5 b2 63. Kc4 Rh4+ 64. Kc3 Rh3+ 65. Kc2
Rh2+ 66. Kc3 1/2-1/2

[Event "Cto Equipos Aragon 2013 Pref. Ascenso"]
[Site "?"]
[Date "2013.04.06"]
[Round "10.31"]
[White "Sancho Cortes, Miguel Angel"]
[Black "De la Riva Fernandez, Eduardo"]
[Result "0-1"]
[WhiteElo "2083"]
[BlackElo "1970"]
[PlyCount "90"]
[EventDate "2013.04.06"]
[WhiteTeam "Marcos Frechin"]
[BlackTeam "El Olivar C"]

1. e4 e6 2. d4 d5 3. Nc3 Nf6 4. exd5 exd5 5. Bd3 c6 6. h3 Bd6 7. Nf3 O-O 8. O-O
Re8 9. Bg5 Nbd7 10. Re1 Rxe1+ 11. Qxe1 Nf8 12. Ne5 Ne6 13. Be3 c5 14. Nf3 c4
15. Bf1 a6 16. a4 Bb4 17. Bd2 Bxc3 18. Bxc3 Ne4 19. Qe3 Bd7 20. a5 Qc7 21. Ne5
Re8 22. Be1 Nxd4 23. Qxd4 Qxe5 24. Rd1 Qxd4 25. Rxd4 Bc6 26. Bb4 Ng5 27. Rd1
Ne6 28. g3 Rb8 29. Bd6 Rd8 30. Be5 f6 31. Bc3 Rd7 32. f4 f5 33. Be5 Nc5 34. g4
fxg4 35. hxg4 Na4 36. Bd4 Re7 37. b3 Re4 38. bxa4 Rxf4 39. c3 Rxg4+ 40. Kf2 g5
41. Bh3 Rf4+ 42. Kg3 h5 43. Be3 h4+ 44. Kg2 d4+ 45. Kg1 dxe3 0-1

[Event "Cto Equipos Aragon 2013 Pref. Ascenso"]
[Site "?"]
[Date "2013.04.06"]
[Round "10.32"]
[White "Sarto Ramos, Angel"]
[Black "Torres Fernandez, Mario"]
[Result "1-0"]
[WhiteElo "1957"]
[BlackElo "1941"]
[PlyCount "84"]
[EventDate "2013.04.06"]
[WhiteTeam "El Olivar C"]
[BlackTeam "Tauste"]

1. Nf3 f5 2. d4 Nf6 3. h3 d5 4. Bf4 e6 5. Nc3 Bb4 6. Bd2 c5 7. a3 Bxc3 8. Bxc3
Ne4 9. e3 O-O 10. Be2 Nc6 11. O-O Qf6 12. Be1 b6 13. b4 c4 14. b5 Ne7 15. Bb4
a5 16. Bxe7 Qxe7 17. Qe1 a4 18. Ne5 Bd7 19. f3 Nd6 20. e4 Nxb5 21. exd5 exd5
22. Nxc4 Nxd4 23. Nxb6 Nxe2+ 24. Kh1 Rae8 25. Qf2 Qd6 26. Rfe1 Bb5 27. c4 Ng3+
28. Kg1 Bxc4 29. Rad1 Rxe1+ 30. Rxe1 Rb8 31. Nxa4 f4 32. Nc5 Rc8 33. Nb7 Qxa3
34. Qb6 Qf8 35. Qe6+ Kh8 36. Nd6 Ne2+ 37. Rxe2 Bxe2 38. Nxc8 Bc4 39. Nd6 Bb3
40. Nf7+ Kg8 41. Nh6+ Kh8 42. Nf7+ Kg8 1-0

[Event "Cto Equipos Aragon 2013 Pref. Ascenso"]
[Site "?"]
[Date "2013.04.06"]
[Round "10.33"]
[White "Malo Guillen, Jose Luis"]
[Black "Garcia Fernandez, Javier"]
[Result "1/2-1/2"]
[WhiteElo "2170"]
[BlackElo "2168"]
[PlyCount "106"]
[EventDate "2013.04.06"]
[WhiteTeam "Las Fuentes"]
[BlackTeam "Teruel"]

1. d4 Nf6 2. Nf3 e6 3. g3 d5 4. Bg2 Be7 5. O-O O-O 6. c4 dxc4 7. Ne5 c5 8. dxc5
Qc7 9. Nxc4 Qxc5 10. b3 Rd8 11. Qc2 Nc6 12. Nc3 Nd4 13. Qb2 Qh5 14. Rd1 e5 15.
f3 Qf5 16. Be3 Rb8 17. Bf2 b5 18. Ne3 Qe6 19. Nc2 Nxc2 20. Qxc2 Qa6 21. e4 Be6
22. Bf1 Rdc8 23. Qd3 Rd8 24. Qe3 Rxd1 25. Rxd1 Qa5 26. Qxa7 Qxa7 27. Bxa7 Ra8
28. Be3 b4 29. Nd5 Bxd5 30. exd5 Bd6 31. Rc1 Kf8 32. Rc6 Ke7 33. Bc4 Ra5 34.
Bb6 Rxa2 35. Bc7 Ne8 36. Bxd6+ Nxd6 37. Rb6 Rb2 38. Rxb4 Nxc4 39. Rxc4 Rxb3 40.
Rc7+ Ke8 41. d6 Rxf3 42. Re7+ Kd8 43. Rxe5 Kd7 44. Kg2 Rf6 45. Re7+ Kxd6 46.
Re8 h5 47. Re4 Kd5 48. Re7 Kd6 49. Re4 Re6 50. Rd4+ Ke5 51. Ra4 g6 52. Ra7 Kf6
53. Kf3 Rc6 1/2-1/2

[Event "Cto Equipos Aragon 2013 Pref. Ascenso"]
[Site "?"]
[Date "2013.04.06"]
[Round "10.34"]
[White "Dominguez Bujeda, Jesus"]
[Black "Alonso Blasco, Jose Miguel"]
[Result "1-0"]
[WhiteElo "2146"]
[BlackElo "2116"]
[PlyCount "79"]
[EventDate "2013.04.06"]
[WhiteTeam "Teruel"]
[BlackTeam "Las Fuentes"]

1. c4 Nf6 2. Nc3 e6 3. e4 d5 4. e5 d4 5. exf6 dxc3 6. bxc3 Qxf6 7. d4 e5 8. Nf3
exd4 9. Bg5 Qe6+ 10. Be2 Be7 11. cxd4 Bb4+ 12. Bd2 Bxd2+ 13. Qxd2 O-O 14. O-O
Qf6 15. Rab1 Rd8 16. Bd3 h6 17. Rfe1 b6 18. Be4 c6 19. Ne5 Bf5 20. Qf4 Bxe4 21.
Qxe4 Qe6 22. Qh4 Na6 23. Re4 Rd6 24. Rbe1 Qf6 25. Qg4 Qg5 26. Qe2 Rad8 27. Nf3
Qa5 28. Re7 Nb4 29. Ne5 Rf8 30. Nd7 Rd8 31. Re8+ Rxe8 32. Qxe8+ Kh7 33. Nf8+
Kg8 34. Ng6+ Kh7 35. Ne7 h5 36. Qg8+ Kh6 37. Qh8+ Kg5 38. Qxg7+ Rg6 39. Nxg6
Nd3 40. Ne5+ 1-0

[Event "Cto Equipos Aragon 2013 Pref. Ascenso"]
[Site "?"]
[Date "2013.04.06"]
[Round "10.35"]
[White "Mombiela de Sus, Jose Luis"]
[Black "Martin Catalan, Juan Vicente"]
[Result "0-1"]
[WhiteElo "2030"]
[BlackElo "2096"]
[PlyCount "74"]
[EventDate "2013.04.06"]
[WhiteTeam "Las Fuentes"]
[BlackTeam "Teruel"]

1. Nf3 f5 2. g3 Nf6 3. Bg2 e6 4. O-O Be7 5. c4 O-O 6. b3 d6 7. d4 Ne4 8. Bb2
Bf6 9. Nc3 Nxc3 10. Bxc3 c5 11. Qc2 Nc6 12. Rad1 Qc7 13. e4 g6 14. Rfe1 Qg7 15.
Qd3 Kh8 16. Qe3 a5 17. a4 Ra6 18. e5 dxe5 19. dxe5 Be7 20. Rd6 Nb4 21. Red1 Kg8
22. R1d2 g5 23. h3 g4 24. hxg4 fxg4 25. Nh2 Bg5 26. Qxc5 Bxd2 27. Rxd2 h5 28.
Bxb4 axb4 29. Nf1 b6 30. Qxb4 Qxe5 31. Qd6 Qe1 32. Qd3 Ra7 33. Qe3 Qxe3 34.
Nxe3 Rd7 35. Rc2 Rd3 36. Rb2 Bd7 37. Kf1 Rxe3 0-1

[Event "Cto Equipos Aragon 2013 Pref. Ascenso"]
[Site "?"]
[Date "2013.04.06"]
[Round "10.36"]
[White "Marin Tolosa, Guillermo"]
[Black "Javierre Conesa, Alfonso"]
[Result "1-0"]
[WhiteElo "1947"]
[BlackElo "2011"]
[PlyCount "91"]
[EventDate "2013.04.06"]
[WhiteTeam "Teruel"]
[BlackTeam "Las Fuentes"]

1. d4 d5 2. Nf3 Nf6 3. Bf4 c6 4. e3 Bf5 5. Ne5 e6 6. g4 Bg6 7. h4 h5 8. Nxg6
fxg6 9. Bd3 Nxg4 10. Bxg6+ Kd7 11. Bxh5 Nf6 12. Bg6 Bd6 13. Bg5 Kc7 14. Nd2
Nbd7 15. Nf3 Qe7 16. Qe2 Rac8 17. h5 Qf8 18. Bh4 Qe7 19. O-O-O Kb8 20. Rdg1 c5
21. dxc5 Nxc5 22. Nd4 Na4 23. Qb5 Rc4 24. Nc6+ Rxc6 25. Qxa4 Rc4 26. Qb3 Be5
27. Bg3 Bxg3 28. Rxg3 Rhc8 29. Bd3 R4c6 30. h6 gxh6 31. Rxh6 e5 32. c3 d4 33.
Rhg6 dxc3 34. Rg7 cxb2+ 35. Kxb2 Qxg7 36. Rxg7 Rb6 37. Bb5 a6 38. a4 axb5 39.
axb5 Ne4 40. Qd5 Nxf2 41. Qxe5+ Ka7 42. Rd7 Rc4 43. Kb3 Rc1 44. Rd2 Rb1+ 45.
Kc4 Nd1 46. Ra2+ 1-0